Estatísticas para Menores Países por População e Área

Clique aqui para jogar o quiz

Estatísticas Gerais

  • Esse quiz foi jogado 9 557 vezes
    (5 939 desde o último reset)
  • A pontuação média é 15 de 24

Estatísticas das Respostas

País% Correto
Vaticano
97%
Mônaco
82%
San Marino
78%
Andorra
71%
Liechtenstein
68%
Tuvalu
65%
Malta
63%
Ilhas Marshall
61%
Nauru
61%
Palau
60%
Santa Lúcia
59%
São Vicente e Granadinas
58%
Estados Federados da Micronésia
58%
São Cristóvão e Nevis
57%
Samoa
56%
Granada
56%
Barbados
56%
Tonga
55%
Antígua e Barbuda
53%
Seychelles
52%
Maldivas
52%
Kiribati
52%
Singapura
49%
Dominica
47%

Distribuição das Pontuações

Percentil de Números Respondidos

Porcentagem de Pessoas com Cada Pontuação

Sua Pontuação Histórica

Você não jogou esse quiz desde o último reset